<?xml version="1.0" encoding="UTF-8"?>
<record
    xmlns:xsi="http://www.w3.org/2001/XMLSchema-instance"
    xsi:schemaLocation="http://www.loc.gov/MARC21/slim http://www.loc.gov/standards/marcxml/schema/MARC21slim.xsd"
    xmlns="http://www.loc.gov/MARC21/slim">

  <leader>02102nam a2200253Ia 4500</leader>
  <controlfield tag="001">IA_Microcapsules were prepared by extrusion method from a dispersion of A (0.5% w/v) blended with P or AM dispersions at different concentrations, resulting six treatments: TP1, TP2 y TP3 containing P at 1, 2 and 3 % (p/v), respectively, and TA1, TA2 y TA3 containing A at 1, 2 and 3 % (p/v), respectively. TP1 and TP2 capsules exhibited better morphological (more spherical) and size of 0.89 and 1.08 mm, respectively. TP3 capsules showed weak gel force, easy breaking and difficult management, while TA1, TA2 y TA3 capsules did not reached to form completely, presenting amorphous structures. The colonies former units of Lactobacillus casei encapsulated into the TP1 and TP2 were 3.6 x 108 and 6.5 x 108 g-1, respectively. TP2 capsules showed higher protection effect on the survival of Lactobacillus casei in yogur after 20 d of storage time at 4 &#xB0;C (95.38 %) compared with that provided by the TP1 capsules (86.11 %). Preference sensory evaluation results indicated no significant difference between yogurts added with TP1 and TP2 capsules, and a commercial yogurt containing probiotic capsules; although the consumers detected capsules size differences contained in the yogurts.</controlfield>
  <controlfield tag="002">DESARROLLO Y CARACTERIZACION DE MICROCAPSULAS : US</controlfield>
  <controlfield tag="008">220117s    xx            000 0 und d</controlfield>
  <datafield tag="010" ind1=" " ind2=" ">
    <subfield code="a">183012</subfield>
  </datafield>
  <datafield tag="530" ind1=" " ind2=" ">
    <subfield code="a">Disponible en PDF</subfield>
  </datafield>
  <datafield tag="583" ind1=" " ind2=" ">
    <subfield code="a">2 ej. imp.</subfield>
  </datafield>
  <datafield tag="650" ind1=" " ind2=" ">
    <subfield code="a">Lactobacillus casei</subfield>
    <subfield code="x">Microencapsulaci&#xF3;n  </subfield>
    <subfield code="9">155146</subfield>
  </datafield>
  <datafield tag="650" ind1=" " ind2=" ">
    <subfield code="a">Lactobacillus casei</subfield>
    <subfield code="x">Microencapsulation  </subfield>
    <subfield code="9">155147</subfield>
  </datafield>
  <datafield tag="650" ind1=" " ind2=" ">
    <subfield code="a">Nanocarriers  </subfield>
    <subfield code="9">155148</subfield>
  </datafield>
  <datafield tag="650" ind1=" " ind2=" ">
    <subfield code="a">Nanotransportadores  </subfield>
    <subfield code="9">155149</subfield>
  </datafield>
  <datafield tag="650" ind1=" " ind2="0">
    <subfield code="a">Yogur</subfield>
    <subfield code="x">Evaluaci&#xF3;n sensorial de los alimentos  </subfield>
    <subfield code="9">155150</subfield>
  </datafield>
  <datafield tag="650" ind1=" " ind2=" ">
    <subfield code="a">Yogurt</subfield>
    <subfield code="x">Sensory evaluation</subfield>
    <subfield code="9">155151</subfield>
  </datafield>
  <datafield tag="700" ind1=" " ind2=" ">
    <subfield code="a">Castillo Zambrano, Cecilia, coaut. </subfield>
    <subfield code="9">155152</subfield>
  </datafield>
  <datafield tag="700" ind1=" " ind2=" ">
    <subfield code="a">Lobato Calleros, Consuelo, dir. </subfield>
    <subfield code="9">148245</subfield>
  </datafield>
  <datafield tag="700" ind1=" " ind2=" ">
    <subfield code="a">Mart&#xED;nez Romero, Salvador, asesor </subfield>
    <subfield code="9">163674</subfield>
  </datafield>
  <datafield tag="700" ind1=" " ind2=" ">
    <subfield code="a">Villegas de Gante, Abraham Z., asesor</subfield>
    <subfield code="9">163675</subfield>
  </datafield>
  <datafield tag="942" ind1=" " ind2=" ">
    <subfield code="c">TESIS C785 2007</subfield>
  </datafield>
  <datafield tag="999" ind1=" " ind2=" ">
    <subfield code="c">183012</subfield>
    <subfield code="d">183012</subfield>
  </datafield>
</record>
